Diagnóstico de los sistemas provinciales de planificación.
Guardado en:
| Autor Corporativo: | |
|---|---|
| Formato: | Libro |
| Idioma: | Spanish |
| Publicado: |
Buenos Aires :
CFI,
1986.
|
| Etiquetas: |
Agregar Etiqueta
Sin Etiquetas, Sea el primero en etiquetar este registro!
|
| LEADER | 00441nam a22001335a 4500 | ||
|---|---|---|---|
| 001 | EEA.libagro004372 | ||
| 005 | 20181127122445.0 | ||
| 008 | 130809s1986####ag############000#0#spa#d | ||
| 082 | 0 | 4 | |a 338.982 |
| 110 | 2 | |a Consejo Federal de Inversiones (Argentina) | |
| 245 | 1 | 0 | |a Diagnóstico de los sistemas provinciales de planificación. |
| 260 | |a Buenos Aires : |b CFI, |c 1986. | ||
| 300 | |a 36 p. ; |c 26 cm. | ||
| 859 | |a AR-BbBCA |b BIB. AGRONOMIA |h 338.982 |i A691 |p 1990/1615 | ||
